BUBT Library Online Catalog

Consumer Behavior / (Record no. 3117)

000 -LEADER
fixed length control field 00711nam a2200253Ia 4500
003 - CONTROL NUMBER IDENTIFIER
control field BUBTL
008 - FIXED-LENGTH DATA ELEMENTS--GENERAL INFORMATION
fixed length control field 151213s9999 xx 000 0 und d
020 ## - INTERNATIONAL STANDARD BOOK NUMBER
International Standard Book Number 8177589997
041 ## - LANGUAGE CODE
Language code of text/sound track or separate title English
082 ## - DEWEY DECIMAL CLASSIFICATION NUMBER
Edition number 7th
Classification number 658.8342/ Sch327c/ 2007
100 ## - MAIN ENTRY--PERSONAL NAME
Personal name Schiffman, Leon G.
9 (RLIN) 5340
245 ## - TITLE STATEMENT
Title Consumer Behavior /
Statement of responsibility, etc. Leon G. Schiffman, Leslie Lazar Kanuk
250 ## - EDITION STATEMENT
Edition statement 9th
260 ## - PUBLICATION, DISTRIBUTION, ETC. (IMPRINT)
Place of publication, distribution, etc. New Delhi
Name of publisher, distributor, etc. Pearson Prentic Hall
Date of publication, distribution, etc. c2007
300 ## - PHYSICAL DESCRIPTION
Extent 581 p. :
Other physical details ill. ;
Dimensions 21 cm.
500 ## - GENERAL NOTE
General note Includes Index.
526 ## - STUDY PROGRAM INFORMATION NOTE
Program name BBA/ MBA
650 ## - SUBJECT ADDED ENTRY--TOPICAL TERM
Topical term or geographic name as entry element Marketing
650 ## - SUBJECT ADDED ENTRY--TOPICAL TERM
Topical term or geographic name as entry element
700 ## - ADDED ENTRY--PERSONAL NAME
Personal name Leon G. Schiffman, Leslie Lazar Kanuk
856 ## - ELECTRONIC LOCATION AND ACCESS
Password 0
Logon 0
Link text Download
942 ## - ADDED ENTRY ELEMENTS (KOHA)
Source of classification or shelving scheme
Koha item type Books
Holdings
Withdrawn status Lost status Source of classification or shelving scheme Damaged status Not for loan Permanent location Current location Shelving location Date acquired Total Checkouts Full call number Barcode Date last seen Copy number Price effective from Koha item type Collection code Source of acquisition Inventory number
          Bangladesh University of Business and Technology Library Bangladesh University of Business and Technology Library Marketing Stacks 07/31/2017   658.834 BUBTL-20035025 07/31/2017 C-1 07/31/2017 Books      
          Bangladesh University of Business and Technology Library Bangladesh University of Business and Technology Library Marketing Stacks 08/08/2017   658.834 BUBTL-20035024 08/08/2017 C-2 08/08/2017 Books      
          Bangladesh University of Business and Technology Library Bangladesh University of Business and Technology Library Marketing Stacks 08/08/2017   658.834 BUBTL-20035023 08/08/2017 C-3 08/08/2017 Books      
          Bangladesh University of Business and Technology Library Bangladesh University of Business and Technology Library Marketing Stacks 08/08/2017   658.834 BUBTL-20034139 08/08/2017 C-4 08/08/2017 Books      
          Bangladesh University of Business and Technology Library Bangladesh University of Business and Technology Library Marketing Stacks 01/11/2008   658.8342/ Sch327c/ 2007 BUBTL-20035026 06/18/2023 C-5 06/18/2023 Books Non-fiction Purchase 5026

More Information About Library

Library Hours

  • Open: 9.00 am. to 9.00 pm.
  • Only Sunday: 9.00 am. to 6.00 pm.
  • Closed: Holiday

Contact to the University

Bangladesh University of Business and Technology Library

  • Mirpurl-2, 1216.
  • Phone:
  • Fax:
  • E-Mail: admin.library@bubt.edu.bd

Contact to the Library

Contact Person:

Md. Abdul Hakim Shah
Joint Librarian
PABX No:  113
Cell No: 01816332931
E-mail: official: admin.library@bubt.edu.bd
Personal: hakim.shah@bubt.edu.bd


BUBT Library

Copyright © 2021